Personnalités politiques françaises n°18 - Statistiques

Statistiques générales
  • Ce quiz a été pris 48 fois
  • Le résultat moyen est 6 sur 20
Statistiques - réponses
Par images Réponse % Correct
Raphaël Arnault
87%
Laurent Nuñez
69%
Lucie Castets
69%
Bally Bagayoko
62%
Charles Alloncle
56%
Catherine Trautmann
44%
Benjamin Haddad
42%
Karim Bouamrane
38%
Serge Blanco
31%
Édouard Geffray
24%
Caroline Parmentier
22%
Jean-Pierre Farandou
20%
Luc Chatel
13%
Michel Fournier
13%
Olivier Falorni
13%
Catherine Pégard
9%
Brice Lalonde
7%
Monique Barbut
7%
Paul Christophe
4%
Carl Lang
2%
Aucun quiz correspondant
Distribution des résultats
% des personnes avec chaque résultat
Percentile par nombre de réponses
Votre historique - résultats
Vous n’avez pas pris ce quiz